Statistics for Soccer Players by Country

Click here to take the quiz!

General Stats

  • This quiz has been taken 172,130 times
    (136,889 since last reset)
  • The average score is 20 of 27

Answer Stats

PlayerCountry% Correct
Lionel MessiArgentina
99%
Wayne RooneyEngland
98%
PeléBrazil
98%
Gerd MüllerGermany
97%
Thierry HenryFrance
94%
Zlatan IbrahimovicSweden
92%
Gareth BaleWales
92%
Luis SuárezUruguay
91%
Cristiano RonaldoPortugal
90%
David VillaSpain
87%
Roberto BaggioItaly
84%
Johan CruyffNetherlands
81%
Didier DrogbaIvory Coast
76%
James RodríguezColombia
75%
Robbie KeaneIreland
73%
Andriy ShevchenkoUkraine
71%
Arturo VidalChile
66%
George BestNorthern Ireland
64%
Giorgos KaragounisGreece
61%
Samuel Eto'oCameroon
61%
Pavel NedvědCzech Republic
54%
Kenny DalglishScotland
53%
Mia HammUnited States
46%
Davor ŠukerCroatia
46%
Nwankwo KanuNigeria
42%
George WeahLiberia
38%
Doctor KhumaloSouth Africa
28%

Score Distribution

Percentile by Number Answered

Percent of People with Each Score

Your Score History

You have not taken this quiz since the last reset